000 00666nam a2200205Ia 4500
003 GCL
008 140319s9999 xx 000 0 ara d
040 _aGCL /
_cGCL
082 0 4 _a210.9
_bع ا
100 1 _aعبدالرشيد عبدالعزيز مسلم
245 1 0 _aالاسلام واللغة والتاريخ /
_cعبدالرشيد عبدالعزيز مسلم
260 _a[S.N] :
_bمكتبة التراث الاسلامى ،
_c1990
300 _a157 ص
490 _a
650 0 4 _aالاسلام والحضارة
650 0 4 _aالاسلام
650 0 4 _aاللغة العربية
650 0 4 _aالتاريخ الاسلامى
942 _2ddc
_cBK
999 _c53974
_d53974